Theologiae Dogmaticae Pars III. De Deo ut est trinus in Personis Pars IV. De Creatione Mundi et ejus Gubernatione ; Pars V. De Lapsu primorum hominum ac Divini Redemptoris Promissione

Zápisy prednášok z dogmatickej teológie

Bibliographic Details
Format: Manuscript Book
Language:Latin
PhysicalDescription:386 strán, 1 nečíslovaná strana rukopis, viazaný 19 cm
Published: [Miesto vzniku nie je známe] 1788
Subjects:

MARC

LEADER 00000ntmaa2200000 a 4500
001 vtls011616273
003 SK-MaSNL
005 20260301140414.0
008 230802s1788 xx || 000 s lat
035 |a urn:nbn:sk:snk-tm00cahr 
035 |a urn:nbn:sk:snk-tm3n2bm 
035 |a 7262B375-2445-45BC-A221-314203A7EA81 
040 |a SNKLA  |b slo  |c SNKLA  |e AACR2 
041 0 |a lat 
044 |a xx 
072 7 |a 27-78  |x Kresťanské združenia, spolky a organizácie. Rehoľné rády  |2 konspekt 
080 |a 27-284  |2 2011 
080 |a 82-5  |2 2011 
080 |a 025.171  |2 2011 
080 |a 2-11  |2 2011 
245 0 0 |a Theologiae Dogmaticae Pars III. De Deo ut est trinus in Personis  |b Pars IV. De Creatione Mundi et ejus Gubernatione ; Pars V. De Lapsu primorum hominum ac Divini Redemptoris Promissione 
246 2 8 |a Dogmatica Tom. II 
260 |a [Miesto vzniku nie je známe]  |c 1788 
300 |a 386 strán, 1 nečíslovaná strana  |b rukopis, viazaný  |c 19 cm 
500 |a Na prednej predsádke a titulnej strane signatúra 4794 s podtrhnutím napísaná atramentovou ceruzou 
520 2 |a Zápisy prednášok z dogmatickej teológie 
555 0 |a Inventár rukopisov Archívu literatúry a umenia Matice slovenskej. Rukopisy historických knižníc na Slovensku I. Martin: Matica slovenská 1992 
561 |a Okrúhla pečiatka: Bibliotheca Conv. Posoniensis O. Fr. M. 
610 2 7 |a Františkáni (Bratislava, Slovensko)  |b Mariánska provincia  |2 SNKLA  |9 50541 
650 0 7 |a dogmatická teológia  |2 SNKPH  |9 1805 
650 0 7 |a teologické školy  |2 SNKPH  |9 81400 
655 7 |a prednášky  |2 SNKPH  |9 70554 
655 7 |a rukopisy  |2 SNKPH  |9 70548 
740 0 2 |a Pars IV. De Creatione Mundi et ejus Gubernatione 
740 0 2 |a Pars V. De Lapsu primorum hominum ac Divini Redemptoris Promissione 
852 |a Slovenská národná knižnica  |b Literárny archív 
958 |a ZH 
958 |a LAVD 
999 |c 763559  |d 765489 
952 |a SNKLA  |b SNKLA  |c SNKLA_DEP  |y NEVYP  |7 0  |p 17A1225994  |o snkRHKS 599  |0 0  |1 0  |4 0  |d 2017-03-08  |f 1  |l 0  |r 2026-02-24 00:11:31  |w 2026-02-24